| 000 | 00411nam a2200121Ia 4500 | ||
|---|---|---|---|
| 008 | 150610s9999 xx 000 0 und d | ||
| 020 | _a9710870718 | ||
| 050 |
_aBF 723 _b .Sa237 2009 |
||
| 100 | _aSantos, Amparo E. | ||
| 245 |
_aPersonality for today's young professional / _cAmparo E. Santos. |
||
| 260 |
_aMandaluyong City : _bNational Book Store, _c2009. |
||
| 300 |
_a217pages : _billustrations ; _c26 cm. |
||
| 999 |
_c288214 _d288214 |
||